L'alphabet de l'OTAN (mais pas dans l'ordre) ! - Statistiques

Statistiques générales
  • Ce quiz a été pris 8 fois
  • Le résultat moyen est 21 sur 26
Statistiques - réponses
Hint Réponse % Correct
B Bravo
100%
C Charlie
100%
D Delta
100%
F Foxtrot
100%
P Papa
100%
T Tango
100%
A Alpha
88%
E Echo
88%
K Kilo
88%
X X-ray
88%
Y Yankee
88%
Z Zulu
88%
G Golf
75%
I India
75%
L Lima
75%
N November
75%
R Romeo
75%
S Sierra
75%
V Victor
75%
H Hotel
63%
J Juliett
63%
M Mike
63%
O Oscar
63%
Q Quebec
63%
U Uniform
63%
W Whiskey
63%
Aucun quiz correspondant
Distribution des résultats
% des personnes avec chaque résultat
Percentile par nombre de réponses
Votre historique - résultats
Vous n’avez pas pris ce quiz